عرض عادي
عرض مارك
- Gedroyc, Wladyslaw,
مدخل إسم شخص
001 - رقم الضبط
- حقل الضبط: 64614
003 - معرف رقم الضبط
- حقل الضبط: OSt
005 - تاريخ ووقت أخر عملية
- حقل الضبط: 20180829191543.0
008 - عناصر بيانات ثابتة الطول
- حقل تحكم ثابت الطول: 180829|| aca||aabn | a|a d
040 ## - مصدر الفهرسة
- هيئة الفهرسة الأصلية: OSt
- وكالة الكتابة: OSt
100 ## - مدخل -- أسم شخص
- إسم شخص: Gedroyc, Wladyslaw,
- تواريخ مرتبطة بالاسم: 1954-
670 ## - بيانات المصدر موجوده
- الاستشهاد بالمصدر: Work cat.: (OSt)0: Gedroyc, Wladyslaw, 1954-, Practical CT techniques /
